Drapeaux Fruités - Statistiques

Statistiques générales
  • Ce quiz a été pris 34 fois
  • Le résultat moyen est 13 sur 15
Statistiques - réponses
Par images Réponse % Correct
Algérie
100%
Portugal
100%
Iran
97%
Macédoine du Nord
97%
Uruguay
97%
Bosnie-Herzégovine
94%
Tunisie
94%
Panama
91%
Cuba
85%
Kosovo
85%
Kenya
82%
Cameroun
79%
Canada
76%
Mauritanie
76%
Syrie
67%
Aucun quiz correspondant
Distribution des résultats
% des personnes avec chaque résultat
Percentile par nombre de réponses
Votre historique - résultats
Vous n’avez pas pris ce quiz